[Event "Leiden LCT op 1st"]
[Site "Leiden"]
[Date "2007.07.17"]
[Round "5"]
[White "Van Opheusden, Bas"]
[Black "Van Kempen, Roderick"]
[Result "1-0"]
[WhiteElo "2162"]
[BlackElo "1992"]
[PlyCount "65"]
[EventDate "2007.07.13"]
[EventType "swiss"]
[EventRounds "9"]
[EventCountry "NED"]
[SourceTitle "CBM 119 Extra"]
[Source "ChessBase"]
[SourceDate "2007.09.04"]
[SourceVersion "1"]
[SourceVersionDate "2007.09.04"]
[SourceQuality "1"]

1. e4 e6 2. d4 d5 3. Nc3 Bb4 4. e5 c5 5. a3 Ba5 6. b4 cxd4 7. Nb5 Bc7 8. Nf3 Ne7 9. Bd3 Bd7 10. Nxc7+ Qxc7 11. 0-0 Nbc6 12. Re1 0-0-0 13. Bb2 Kb8 14. Rb1 f6 15. exf6 gxf6 16. b5 e5 17. bxc6 Nxc6 18. Bb5 Bg4 19. h3 Bc8 20. Nh4 Rhg8 21. Qf3 Ka8 22. a4 e4 23. Qxf6 Rdf8 24. Qh6 Bxh3 25. Bxc6 bxc6 26. Bxd4 c5 27. Be5 Qd7 28. Re3 Rc8 29. Reb3 Be6 30. Rb7 Qc6 31. Nf5 a6 32. Qxh7 Bxf5 33. Ra7# 1-0

[Event "Dieren op"]
[Site "Dieren"]
[Date "2006.07.29"]
[Round "5"]
[White "Van Opheusden, Bas"]
[Black "Van de Peut, Aart A"]
[Result "1-0"]
[WhiteElo "2155"]
[BlackElo "2027"]
[PlyCount "83"]
[EventDate "2006.07.25"]
[EventType "swiss"]
[EventRounds "9"]
[EventCountry "NED"]
[SourceTitle "CBM 113 Extra"]
[Source "ChessBase"]
[SourceDate "2006.09.14"]
[SourceVersion "1"]
[SourceVersionDate "2006.09.14"]
[SourceQuality "1"]

1. e4 e6 2. Nf3 d5 3. e5 c5 4. b4 b6 5. c3 Bd7 6. a3 Qc7 7. d4 Nc6 8. Bd3 f6 9. Bf4 f5 10. g4 Nge7 11. gxf5 Nxf5 12. Bxf5 exf5 13. dxc5 Be6 14. b5 Ne7 15. Nd4 Qc8 16. c6 Ng6 17. Bg5 Bc5 18. 0-0 f4 19. Nd2 Bh3 20. e6 Bxd4 21. cxd4 0-0 22. Re1 Bxe6 23. h4 f3 24. Qb3 h6 25. Nxf3 hxg5 26. Nxg5 Bf7 27. Nxf7 Qg4+ 28. Qg3 Qxg3+ 29. fxg3 Rxf7 30. Re6 Rf6 31. Rae1 Kf7 32. R6e3 a6 33. h5 Nf8 34. Re7+ Kg8 35. c7 axb5 36. Re8 Rxa3 37. c8Q Rxg3+ 38. Kh2 Rg5 39. R8e5 Rf2+ 40. Kh3 Rf3+ 41. Kh4 Rg2 42. Rf5 1-0

[Event "Dieren op"]
[Site "Dieren"]
[Date "2006.07.25"]
[Round "1"]
[White "Van Opheusden, Bas"]
[Black "Roy Chowdhury, Saptarshi"]
[Result "0-1"]
[WhiteElo "2155"]
[BlackElo "2394"]
[PlyCount "86"]
[EventDate "2006.07.25"]
[EventType "swiss"]
[EventRounds "9"]
[EventCountry "NED"]
[SourceTitle "CBM 113 Extra"]
[Source "ChessBase"]
[SourceDate "2006.09.14"]
[SourceVersion "1"]
[SourceVersionDate "2006.09.14"]
[SourceQuality "1"]

1. e4 c5 2. d4 cxd4 3. c3 d3 4. Bxd3 g6 5. c4 Bg7 6. Ne2 d6 7. Nbc3 Nf6 8. 0-0 0-0 9. h3 Nbd7 10. Be3 b6 11. b3 Bb7 12. Rc1 Rc8 13. Nd5 e6 14. Nxf6+ Nxf6 15. Nc3 Qe7 16. Re1 Rcd8 17. Qc2 Rd7 18. a4 Rc8 19. Bg5 h6 20. Bh4 g5 21. Bg3 Nh5 22. Bh2 Nf4 23. Ne2 Be5 24. Qd2 Qf6 25. Bb1 Kh8 26. Kh1 Rg8 27. Qe3 Rc7 28. Rcd1 Rc5 29. Nd4 g4 30. hxg4 Nxg2 31. Bxe5 dxe5 32. Kxg2 exd4 33. Qxd4 e5 34. Qe3 Rxg4+ 35. Kf1 Bc8 36. Rd5 Rc6 37. Red1 Rf4 38. Qg3 Bg4 39. Rd8+ Kh7 40. R1d2 Qg5 41. Bc2 Rf3 42. Qh2 Rh3 43. f4 Rf6 0-1

[Event "Hoogeveen Essent op"]
[Site "Hoogeveen"]
[Date "2005.10.27"]
[Round "7"]
[White "De Jong, Migchiel"]
[Black "Van Opheusden, Bas"]
[Result "1/2-1/2"]
[WhiteElo "2277"]
[BlackElo "2190"]
[PlyCount "109"]
[EventDate "2005.10.21"]
[EventType "swiss"]
[EventRounds "9"]
[EventCountry "NED"]
[SourceTitle "EXT 2006"]
[Source "ChessBase"]
[SourceDate "2005.11.24"]
[SourceVersion "1"]
[SourceVersionDate "2005.11.24"]
[SourceQuality "1"]

1. Nf3 c5 2. g3 d5 3. Bg2 Nc6 4. 0-0 e5 5. d3 f6 6. c4 Nge7 7. Nc3 Be6 8. b3 Qd7 9. e3 Rd8 10. Bb2 d4 11. exd4 cxd4 12. Ne4 Ng6 13. a3 a5 14. Re1 Be7 15. h4 Bg4 16. Qc2 0-0 17. Nh2 Bh3 18. Bh1 f5 19. Nd2 Bd6 20. h5 Nge7 21. Qd1 Qe8 22. Bg2 Bxg2 23. Kxg2 Kh8 24. Qe2 Ng8 25. Rh1 Nf6 26. h6 g5 27. f3 Qg6 28. Nhf1 g4 29. Re1 gxf3+ 30. Nxf3 Bc7 31. Bc1 e4 32. Nh4 Qh5 33. Qxh5 Nxh5 34. dxe4 fxe4 35. Rxe4 Rxf1 36. Rxf1 Nxg3 37. Rf7 Nxe4 38. Rxc7 Ne5 39. Nf3 Nd3 40. Bd2 Rg8+ 41. Rg7 Rxg7+ 42. hxg7+ Kxg7 43. Bxa5 Nf4+ 44. Kf1 d3 45. Nd2 Ng3+ 46. Kf2 Nge2 47. Ke3 Kf6 48. Bc7 Kf5 49. a4 h5 50. Nf3 Ne6 51. Bd6 N6d4 52. Nxd4+ Nxd4 53. b4 Ke6 54. Kxd3 Nc6 55. Bg3 1/2-1/2

[Event "Hoogeveen Essent op"]
[Site "Hoogeveen"]
[Date "2005.10.25"]
[Round "5"]
[White "Grooten, Herman"]
[Black "Van Opheusden, Bas"]
[Result "1-0"]
[WhiteElo "2350"]
[BlackElo "2190"]
[PlyCount "67"]
[EventDate "2005.10.21"]
[EventType "swiss"]
[EventRounds "9"]
[EventCountry "NED"]
[SourceTitle "EXT 2006"]
[Source "ChessBase"]
[SourceDate "2005.11.24"]
[SourceVersion "1"]
[SourceVersionDate "2005.11.24"]
[SourceQuality "1"]

1. d4 Nf6 2. c4 c5 3. d5 e6 4. Nc3 exd5 5. cxd5 d6 6. Nf3 g6 7. Nd2 Bg7 8. e4 0-0 9. Be2 Re8 10. 0-0 Na6 11. f3 Nc7 12. Kh1 Nd7 13. Nc4 Ne5 14. Ne3 f5 15. f4 Nf7 16. exf5 gxf5 17. Bd3 Nh6 18. Qh5 Qf6 19. Bd2 Qg6 20. Qf3 Ng4 21. Nxg4 Qxg4 22. Qxg4 fxg4 23. f5 Be5 24. Bh6 Re7 25. Rae1 Ne8 26. Ne4 Rf7 27. Nxd6 Nxd6 28. Rxe5 c4 29. Bc2 b5 30. f6 Bd7 31. Rg5+ Kh8 32. Bg7+ Kg8 33. Rf4 Re8 34. h4 1-0